Movimientos obreros, sindicales y luchas sociales en general en el país

Gespeichert in:
Bibliographische Detailangaben
Körperschaft: UNA. Instituto de Estudios del Trabajo
Format: Text
Veröffentlicht: Heredia: UNA. IESTRA
Tags: Tag hinzufügen
Keine Tags, Fügen Sie den ersten Tag hinzu!

MARC

LEADER 00000 a a2200000 04500
001 15284
003
040
090 |a 021200  
110 |a UNA. Instituto de Estudios del Trabajo  
245 |a Movimientos obreros, sindicales y luchas sociales en general en el país  
260 |a Heredia:   |b UNA. IESTRA  
300 |a 49 p.  
999 |c 9093  |d 9093